Properties of carbon fibers after irradiation of electron and ion beams; Proceedings of the 11th IEEE International Pulsed Power Conference, Baltimore, MD, 29 june-2 july, 1997; Vol. 2

Bibliographic Details
Parent link:Proceedings of the 11th IEEE International Pulsed Power Conference, Baltimore, MD, 29 june-2 july, 1997: digest of technical papers.— , 1997
Vol. 2.— 1997.— P. 1106 - 1109
Other Authors: Gavrilov N. W., Ligachev A. E., Mesyats G. A. Gennady Andreyevich, Ligacheva G. A.
Summary:В фонде НТБ ТПУ отсутствует
Language:English
Published: 1997
Subjects:
Format: MixedMaterials Book Chapter
KOHA link:https://koha.lib.tpu.ru/cgi-bin/koha/opac-detail.pl?biblionumber=596693

MARC

LEADER 00000naa0a2200000 4500
001 596693
005 20250122093015.0
035 |a (RuTPU)RU\TPU\tpu\19675 
090 |a 596693 
100 |a 20110808d1997 k||y0rusy50 ba 
101 0 |a eng 
102 |a US 
200 1 |a Properties of carbon fibers after irradiation of electron and ion beams  |f N. W. Gavrilov [et al.] 
333 |a В фонде НТБ ТПУ отсутствует 
461 |t Proceedings of the 11th IEEE International Pulsed Power Conference, Baltimore, MD, 29 june-2 july, 1997  |o digest of technical papers  |d 1997 
463 |t Vol. 2  |v P. 1106 - 1109  |d 1997 
610 1 |a труды учёных ТПУ 
701 1 |a Gavrilov  |b N. W. 
701 1 |a Ligachev  |b A. E. 
701 1 |a Mesyats  |b G. A.  |c russian physicist  |c academican, vice-president of RAS  |c graduate of Tomsk Polytechnic Institute  |f 1936-  |g Gennady Andreyevich  |3 (RuTPU)RU\TPU\pers\28088  |4 070 
701 1 |a Ligacheva  |b G. A. 
801 1 |a RU  |b 63413507  |c 20110808 
801 2 |a RU  |b 63413507  |c 20110928  |g RCR 
942 |c BK